Premier League Teams 2025/26 - Statistics

General Stats
  • This quiz has been taken 38 times
  • The average score is 19 of 20
Answer Stats
Answer % Correct
Arsenal FC
100%
Chelsea FC
100%
Manchester City
100%
Manchester United
100%
Tottenham Hotspur
100%
Liverpool FC
97%
Aston Villa
94%
Brighton & Hove Albion
94%
Everton FC
94%
Leeds United
94%
West Ham United
94%
Wolverhampton Wanderers
94%
Burnley FC
91%
Crystal Palace
91%
Nottingham Forest
91%
AFC Bournemouth
88%
Fulham FC
88%
Newcastle United
88%
Sunderland AFC
88%
Brentford FC
75%
No matching quizzes found
Score Distribution
Percent of People with Each Score
Percentile by Number Answered
Your Score History
You have not taken this quiz